| 000 | 01050nas a2200265Ia 4500 | ||
|---|---|---|---|
| 001 | R017/H6178 | ||
| 003 | IT-RoPAU | ||
| 008 | 151124c99999999xx |||||||||||| ||und|| | ||
| 040 | _aIT-RoPAU | ||
| 040 | _cIT-RoPAU | ||
| 041 | _aITALIANO | ||
| 100 |
_aAA.VV. _gCodice Aut. SPICS: 12000 |
||
| 210 | _aFILMCRITICA | ||
| 222 | _aFilmcritica | ||
| 245 |
_aFILCRITICA SCUOLA, ANNO 9-N.31 (OTTOBRE 2005) _bFilcritica Scuola, Anno 9-N.31 (Ottobre 2005) |
||
| 250 | _a1a ed. | ||
| 260 |
_aMONTEPULCIANO (SI) _bLE BALZE _c2005 |
||
| 501 |
_bPaulus - SPICS - Società San Paolo EM (non-commercial uses only) _cCopyright2015 |
||
| 300 | _a16 p. | ||
| 310 | _aTRIMESTRALE | ||
| 362 | _aANNO 009, N.31 (OTTOBRE 2005) | ||
| 500 | _aSupplemento Alla Rivista Filmcritica N. 559. Venezia e i Giovani di I. Belforti. Classic: la Terra Trema di L. Visconti a Cura di A. Cappabianca. Cinestoria: Cinema Americano 2, Ministoria Evoluzione Tecnica Cinema e Linguaggio di E. Bruno. Profili: Stanl | ||
| 650 |
_aCINEMA _vPUBBLICAZIONE PERIODICA |
||
| 942 | _cCR | ||
| 999 |
_c126497 _d126497 |
||